Catálogo

ESTUDIOS SOBRE FILOSOFIA MODERNA (Registro nro. 16559)

Detalles MARC
000 -LEADER
fixed length control field 00494nam a2200181 a 4500
001 - CONTROL NUMBER
control field 16559
005 - DATE AND TIME OF LATEST TRANSACTION
control field 20180713205524.0
008 - FIXED-LENGTH DATA ELEMENTS--GENERAL INFORMATION
fixed length control field 140415s1966 000 0 spa d
041 ## - LANGUAGE CODE
Language code of text/sound track or separate title spa
082 ## - DEWEY DECIMAL CLASSIFICATION NUMBER
Classification number 190
Item number SCI
100 1# - MAIN ENTRY--PERSONAL NAME
Personal name SCIACCA, MICHELE FEDERICO
245 10 - TITLE STATEMENT
Title ESTUDIOS SOBRE FILOSOFIA MODERNA
260 ## - PUBLICATION, DISTRIBUTION, ETC.
Place of publication, distribution, etc. [s.l.] :
Name of publisher, distributor, etc. LUIS MIRACLE,
Date of publication, distribution, etc. 1966
300 ## - PHYSICAL DESCRIPTION
Extent 540
490 ## - SERIES STATEMENT
Series statement BIBLIOTECA FILOSOFICA
650 14 - SUBJECT ADDED ENTRY--TOPICAL TERM
Topical term or geographic name entry element FILOSOFIA MODERNA
700 1# - ADDED ENTRY--PERSONAL NAME
Personal name RUIZ CUEVAS, JUAN JOSE
Relator term tr.
Existencias
Withdrawn status Lost status Source of classification or shelving scheme Damaged status Not for loan Collection code Home library Current library Shelving location Date acquired Source of acquisition Inventory number Total Checkouts Full call number Barcode Date last seen Price effective from Koha item type
    Dewey Decimal Classification     General Biblioteca Karol Wojtyla Biblioteca Karol Wojtyla Sala general 03/12/2013 Compra 151000000000000000062632   190 SCI 34369 05/01/2026 03/12/2013 Libro